Những biện pháp quản lý công tác kiểm tra đánh giá kết quả học tập của sinh viên Trường Đại học Bách khoa - Đại học Đà Nẵng
Cơ sở lý luận của đề tài. Thực trạng quản lý công tác kiểm tra đánh giá kết quả học tập của sinh viên trường Đại học Bách khoa - ĐHĐN. Các biện pháp nhằm tăng cường quản lý công tác kiểm tra đánh giá kết quả học tập của sinh viên trường Đại học Bách khoa - ĐHĐN....
Αποθηκεύτηκε σε:
| Κύριος συγγραφέας: | |
|---|---|
| Άλλοι συγγραφείς: | |
| Μορφή: | Βιβλίο |
| Γλώσσα: | Vietnamese |
| Έκδοση: |
Đà Nẵng
Đại học Đà Nẵng
2008
|
| Θέματα: | |
| Ετικέτες: |
Προσθήκη ετικέτας
Δεν υπάρχουν, Καταχωρήστε ετικέτα πρώτοι!
|
| Thư viện lưu trữ: | Mạng thư viện Đại học Đà Nẵng |
|---|
| LEADER | 01848nam a2200349 4500 | ||
|---|---|---|---|
| 001 | 000010707 | ||
| 003 | 6919 | ||
| 005 | 20111219141239.0 | ||
| 008 | 111219s2008 viesd | ||
| 041 | |a vie | ||
| 072 | |a Luận văn Thạc sĩ khoa học giáo dục | ||
| 082 | |a 371.27 |b NG-N | ||
| 100 | 1 | |a Nguyễn Thị Hoài Nhi | |
| 245 | 1 | |a Những biện pháp quản lý công tác kiểm tra đánh giá kết quả học tập của sinh viên Trường Đại học Bách khoa - Đại học Đà Nẵng |c Nguyễn Thị Hoài Nhi | |
| 260 | |a Đà Nẵng |b Đại học Đà Nẵng |c 2008 | ||
| 300 | |a 88 tr. |c 29 cm |e 1 tóm tắt | ||
| 500 | |a Luận văn Thạc sĩ Khoa học giáo dục. Chuyên ngành: Quản lý giáo dục. Mã số: 60.14.05 | ||
| 520 | |a Cơ sở lý luận của đề tài. Thực trạng quản lý công tác kiểm tra đánh giá kết quả học tập của sinh viên trường Đại học Bách khoa - ĐHĐN. Các biện pháp nhằm tăng cường quản lý công tác kiểm tra đánh giá kết quả học tập của sinh viên trường Đại học Bách khoa - ĐHĐN. | ||
| 653 | |a Đặt điểm tự học của sinh viên | ||
| 653 | |a Luận văn Thạc sĩ Khoa học giáo dục | ||
| 653 | |a Trường Đại học Bách khoa - ĐHĐN | ||
| 700 | 1 | |a Nguyễn Thị Mỹ Lộc |c PGS.TS |e Hướng dẫn | |
| OWN | |a LSP | ||
| AVA | |a UDN50 |b LSP |d 371.27 NG-N |e available |t Error 5001 Not defined in file expand_doc_bib_avail. |f 1 |g 0 |h N |i 0 |k 1 | ||
| 999 | |a From the UDN01 | ||
| AVA | |a UDN50 |b LSP |d 371.27 NG-N |e available |t Error 5001 Not defined in file expand_doc_bib_avail. |f 1 |g 0 |h N |i 0 |k 1 | ||
| TYP | |a Monograph | ||
| TYP | |a Printed language | ||
| 980 | |a Mạng thư viện Đại học Đà Nẵng | ||